00361nam a2200133Ia 450000500170000000800410001702000150005808200130007310000190008624500390010526000290014430000080017350000460018120250612032646.0240331s9999 xx 000 0 und d a9559562290 bJAYa320 aJayawardena, W 0aAda siyawasaka deshapalana satahan bEditor Publicationc1999 a321 aBook of Half a century of political notes